Lots more Lat

Bibliographic Details
Main Author: Lat
Format: Book
Published: K.Lumpur : Berita Publishing , 1994
Subjects:

MARC

LEADER 00000cam a2200000 7i4500
001 0000006238
002 000006735
005 20000330.0
020 |a 9679694054 
090 0 0 |a C   |b LAT 
100 0 |a Lat 
245 1 0 |a Lots more Lat   |c Lat 
260 |a K.Lumpur :   |b Berita Publishing ,   |c 1994 
300 |a p.v :   |b ill. ;   |c 21cm. 
650 0 0 |a Cartoon and carricatures 
999 |a 00068855   |b BUKU   |c CARTOON   |e PERPUSTAKAAN KOMUNITI PETALING JAYA 
999 |a 038981   |b BUKU   |c CARTOON   |e PERPUSTAKAAN KOMUNITI PETALING JAYA 
999 |a 038982   |b BUKU   |c CARTOON   |e PERPUSTAKAAN KOMUNITI PETALING JAYA 
999 |a 066202   |b BUKU   |c PINJAMAN   |e PERPUSTAKAAN KOMUNITI PETALING JAYA